| 000 | 00403nam a22001697a 4500 | ||
|---|---|---|---|
| 005 | 20180221114422.0 | ||
| 008 | 160624b xxu||||| |||| 00| 0 eng d | ||
| 020 | _a81-7808-633-6 | ||
| 041 | _aeng | ||
| 082 |
_b9685 _a174.4 |
||
| 100 |
_aVelasquez, Manuel G _9737 |
||
| 245 | _aBusiness Ethics | ||
| 260 |
_bPearson Education Delhi _c2002 |
||
| 300 | _a511 | ||
| 650 |
_aManagement _9241 |
||
| 942 | _cBK | ||
| 999 |
_c3767 _d3766 |
||